| 000 | 00840nam a2200217 a 4500 | ||
|---|---|---|---|
| 003 | 0 | ||
| 005 | 20250426095645.0 | ||
| 008 | 970114s19uu xx 00 eng d | ||
| 050 |
_aPGS LB 2822.75 _b.F745 2003 |
||
| 100 | _aFortuna, Clotilde Nenita C. | ||
| 245 |
_aA study on the causes of poor academic performance of grade six students of Southville International School & Colleges SY 2002-2003 / _cClotilde Nenita C. Fortuna. |
||
| 260 |
_aLas PiƱas City, Philippines : _bSouthville International School and Colleges, _c2003. |
||
| 300 |
_a17 pages : _billustrations ; _c28 cm. |
||
| 504 | _aIncludes bibliographic references. | ||
| 650 | _aAcademic achievement. | ||
| 650 | _aUnderachievers. | ||
| 650 | _a Study skills. | ||
| 650 |
_aStudents _vAcademic performance. |
||
| 650 | _aLearning disabilities. | ||
| 942 |
_2lcc _cPASS |
||
| 999 |
_c96861 _d96861 |
||